000 00408nam a2200181Ia 4500
003 0STCL
008 150530s9999 xx 000 0 und d
040 _aSTCL
_cSTCL
100 _aThomas Hardy
245 4 _aThe Mayor of Casterbridge
250 _a1
260 _bRupa; New Delhi
_c2010
_aNew Delhi
300 _a0
546 _aEnglish
942 _2ddc
_cBK
999 _c57016
_d57016
005 20220125171019.0